1586 1900 1978 1389 1319 1705 1400 1263 1811 1931 1865 1582 1600 1305 1156 1001 1117 1037 1232 1008 1342 1680 1900 1171 1288 2000 1754 1924 1058 1082 1284 1958 1987 1496 1422 1770 1219 1507 1393 1829 1779 1835 1409 1887 1988 1683 1054 1673 1636 1259 1675 1823 1479 1012 1006 1554 1669 1318 1147 1546 1175 1406 1870 1270 1248 1563 1559 1818 1714 1910 1671 1506 1852 1418 1029 1134 1194 1435 1620 1569 1234 1793 1517 1831 1439 1952 1203 1450 1282 1054 1834 1517 1730 1091 1657 1219 1792 1685 1621 BCNSPRNW ULIB Ver.6.0+V

เปลี่ยนเป็นภาษาไทย

Change to English
 แสดงรายละเอียดบรรณานุกรม
  กลับหน้าหลัก

Brief Record : Get Marc (ISO 2709) : E-mail record : QR code < ปิดหน้าต่าง
LEADER : 00000nam 2200000uu 4500
001    13399124486
003     ULIB
008    150804s2557||||th 000 0 tha d
020    ^a9789749510599
060 04 ^aWB105^bภ476
110 1  ราชวิทยาลัยอายุรแพทย์แห่งประเทศไทย
245 00 ^aภาวะฉุกเฉินทางอายุรศาสตร์ ราชวิทยาลัยอายุรแพทย์แห่งประเทศไทย เล่ม 1 =^bEmergency medicine /^cราชวิทยาลัยอายุรแพทย์แห่งประเทศไทย
246 31 ^aEmergency in Internal Medicine The Royal College of Physicians of Thailand vol.1.
250    ^aพิมพ์ครั้งที่ 1.
260    ^aกรุงเทพฯ:^bโฮลิสติก พับลิชชิ่ง,^c2557.
300    ^a672 หน้า :^bภาพประกอบ ;^c27 ซม.
502    ^a502 ^aปัญหาพิเศษทางสาธารณสุขนี้เป็นส่วนหนึ่งของวิชาการศึกษาตามหลักสูตร ปริญญาวิทยาศาสตรบัณฑิต (สาธารณสุขชุมชน)--วิทยาลัยการสาธารณสุขสิรินธร จังหวัดยะลา, 2557.
610 10 ^aวิทยาลัยการสาธารณสุขสิรินธร จังหวัดยะลา^bสาธารณสุขชุมชน^xปัญหาพิเศษสาธารณสุข
650  4 ^aอายุรศาสตร์
650  4 ^aภาวะฉุกเฉิน^xการแพทย์
650  4 ^aภาวะฉุกเฉิน
700 0  ^aนครินทร์ ศันสนยุทธ,^eบรรณาธิการ
700 0  ^aปารวี สุวรรณาลัย,^eบรรณาธิการ
700 0  ^aเลลานี ไพฑูรย์พงษ์,^eบรรณาธิการ
700 0  ^aวินัย วนานุกุล,^eบรรณาธิการ
945    ^p950^l0^i23055
945    ^p950^l0^i23056
999    ^aทศพร เกษรทอง
รายการนี้ยังไม่มีแท็ก
คุณยังไม่ได้ล็อกอิน คุณสามารถมีกิจกรรมร่วมกับเว็บไซต์ได้ แต่ต้องล็อกอินก่อน ::
  ล็อกอิน

รายการสื่อสารสนเทศ

ลำดับที่ ประเภท เลขเรียก/บาร์โค้ด สถานที่ สถานะ
1. วิทยาศาสตร์การแพทย์ และสุขภาพ
วิทยาศาสตร์การแพทย์ และสุขภาพ
สถานะ=หนังสือเก่า
WB105 ภ476 ฉ.1 
  Barcode: 23055
ห้องสมุดวิทยาเขตนครสวรรค์
►ส่วนจัดเก็บหนังสือเก่า นว.
บนชั้น
  ขอยืม
2. วิทยาศาสตร์การแพทย์ และสุขภาพ
วิทยาศาสตร์การแพทย์ และสุขภาพ
สถานะ=หนังสือเก่า
WB105 ภ476 ฉ.2 
  Barcode: 23056
ห้องสมุดวิทยาเขตนครสวรรค์
►ส่วนจัดเก็บหนังสือเก่า นว.
บนชั้น
  ขอยืม

รายการใกล้เคียง
    หัวเรื่อง [อายุรศาสตร์]
    หัวเรื่อง [ภาวะฉุกเฉิน]

BibComment


ยังไม่เคยถูกคอมเมนท์

คอมเมนท์ทรัพยากรรายการนี้
  คอมเมนท์: ภาวะฉุกเฉินทางอา..


 Copyright 2026. Bcnsprnw @Library